00746nam a2200217 a 450000500170000000800410001702000150005805000250007310000350009824500900013326000590022330000240028244000490030650000510035552100090040665000260041565000260044170000230046770000210049070000170051120140310183141.0020718s19uu xx 00 eng d a1861520956 aTX 911.3b.G624 1997 aGoldsmith, Alistair L., et al. aHuman resource management for hospitality services /cAlistair L. Goldsmith, et al. ; aLondon :bInternational Thomson Business Press,c1997. a229 p. ; c21 cm. aSeries in tourism and hospitality management aIncludes bibliographical references and index. aBSBA aPersonnel management. aHospitality services. aNickson, Dennis P. aSloan, Donald H. aWood, Roy C.